Score 0/7 Timer 03:00
1 Play Today
Question Answer Wrong Answers
This international soccer association is founded in Paris.
1904
FIFA
94.7%
FIBA
1.3%
UEFA-CAF
1.9%
PSA
1.1%
The ______ is established by Clara Barton in Washington, D.C.
1881
American Red Cross
85.1%
United Way
1.3%
Salvation Army
12.8%
World Vision
0.7%
Bette Midler memorably sings to this man, during his penultimate episode hosting 'The Tonight Show.'
1992
Johnny Carson
77.7%
Bob Hope
4.9%
Don Rickles
1.4%
David Letterman
12.1%
This movie sequel is released in theaters.
1980
Star Wars Episode V: The Empire Strikes Back
67%
The Godfather Part II
22.2%
Terminator 2: Judgment Day
4.3%
Die Hard 2
3.1%
This American rapper, known for hits like ‘Juicy’ and ‘Big Poppa’, is born.
1972
The Notorious B.I.G.
63.2%
Tupac Shakur
14.5%
Nas
2.7%
LL Cool J
16.3%
Mexican President Porfirio Díaz and the revolutionary Francisco Madero sign the Treaty of Ciudad Juárez to put an end to the fighting between the forces of both men, concluding the initial phase of this.
1911
Mexican Revolution
49%
Mexican-American War
21.8%
Mexican War of Independence
25%
Texas Revolution
2%
French Taubira law is enacted, officially recognizing this as a crime against humanity.
2001
Slavery
33.3%
The Guillotine
29.1%
Torture
29.6%
French Imperialism
3.7%
Remove Ads.
Support Sporcle.
Get the best of Sporcle when you Go Orange. This ad-free experience offers more features, more stats, and more fun while also helping to support Sporcle. Thank you for becoming a member.

You're not logged in!

Compare scores with friends on all Sporcle quizzes.
OR
Log In

Show Comments

Extras

Top Quizzes Today


Score Distribution

Your Account Isn't Verified!

In order to create a playlist on Sporcle, you need to verify the email address you used during registration. Go to your Sporcle Settings to finish the process.

Report this User

Report this user for behavior that violates our Community Guidelines.

Details: